LEADER 01560nam a2200337 i 4500 001 991001232859707536 005 20020507113212.0 008 970308s1982 fr ||| | eng 020 $c130400 035 $ab10192025-39ule_inst 035 $aLE00644346$9ExL 040 $aDip.to Fisica$bita 041 0 $aengfre 084 $a53(06) 084 $a53.5.25 084 $a53.8.8 111 2 $aSeminar on thermoluminescence dating$0463833 245 12$a2 Second specialist Seminar on thermoluminescence dating = Deuxième séminaire de recherches consacrées à la datation par thermoluminescence :$bOxford, Research Laboratory for Archaeology and the History of Art, July 1980 /$cTony Hackens (ed.) 260 $aStrasbourg :$bCouncil of Europe,$c1982 300 $a562 p. :$bill. ;$c27 cm. 490 0 $aPACT ;$v6 490 0 $aSeminar on thermoluminescence dating ;$v2 650 4$aThermoluminescence dating$xCongresses 700 1 $aHackens, Tony$eauthor$4http://id.loc.gov/vocabulary/relators/aut$0208727 740 2 $a2 Deuxième séminaire de recherches consacrées à la datation par thermoluminescence 907 $a.b10192025$b17-02-17$c27-06-02 912 $a991001232859707536 945 $aLE006 53(06) HAC$g1$i2006000083270$lle006$o-$pE0.00$q-$rl$s- $t0$u0$v0$w0$x0$y.i10237008$z27-06-02 996 $aSecond specialist Seminar on thermoluminescence dating = Deuxième séminaire de recherches consacrées à la datation par thermoluminescence$91445061 997 $aUNISALENTO 998 $ale006$b01-01-97$cm$da $e-$feng$gfr $h2$i1 LEADER 00967nam a22002411i 4500 001 991003956469707536 005 20040706103122.0 008 040802s1979 fr |||||||||||||||||fre 035 $ab13152270-39ule_inst 035 $aARCHE-110488$9ExL 040 $aBiblioteca Interfacoltà$bita$cA.t.i. Arché s.c.r.l. Pandora Sicilia s.r.l. 082 04$a841.3 100 1 $aRonsard, Pierre :$cde$0155515 245 10$aDiscours ; Dernier vers /$cPierre de Ronsard ; chronologie, introduction, notes et glossaire par Yvonne Bellenger 260 $aParis :$bGarnier-Flammarion,$cc1979 300 $a252 p. ;$c18 cm 700 1 $aBellenger, Yvonne 907 $a.b13152270$b02-04-14$c05-08-04 912 $a991003956469707536 945 $aLE002 Fondo Giudici H 1152$g1$i2002000321831$lle002$nC. 1$o-$pE0.00$q-$rn$so $t0$u0$v0$w0$x0$y.i13790523$z05-08-04 996 $aDiscours ; Dernier vers$9310915 997 $aUNISALENTO 998 $ale002$b05-08-04$cm$da $e-$ffre$gfr $h0$i1